Historia universal de las exploraciones / (Record no. 98436)

MARC details
000 -LEADER
campo de control de longitud fija 01486nam a2200349 i 4500
001 - NÚMERO DE CONTROL
campo de control 98436
003 - IDENTIFICADOR DE NÚMERO DE CONTROL
campo de control ES-MaACL
005 - FECHA Y HORA DE LA ÚLTIMA TRANSACCIÓN
campo de control 20250829111923.0
007 - CAMPO FIJO DE DESCRIPCIÓN FÍSICA--INFORMACIÓN GENERAL
campo de control de longitud fija t|
008 - DATOS DE LONGITUD FIJA--INFORMACIÓN GENERAL
campo de control de longitud fija 050831e19671979sp a||||r 00110dspa
017 ## - NÚMERO DE COPYRIGHT O DE DEPÓSITO LEGAL
Número de copyright o de depósito legal M 19562-1967
Agencia que asigna Oficina Depósito Legal Madrid
020 ## - NÚMERO INTERNACIONAL ESTÁNDAR DEL LIBRO
Número Internacional Estándar del Libro 84-239-4876-5
080 ## - NÚMERO DE LA CLASIFICACIÓN DECIMAL UNIVERSAL
Número de la Clasificación Decimal Universal 910.4(091)
080 ## - NÚMERO DE LA CLASIFICACIÓN DECIMAL UNIVERSAL
Número de la Clasificación Decimal Universal 910.4-051
080 ## - NÚMERO DE LA CLASIFICACIÓN DECIMAL UNIVERSAL
Número de la Clasificación Decimal Universal 629.78
080 ## - NÚMERO DE LA CLASIFICACIÓN DECIMAL UNIVERSAL
Número de la Clasificación Decimal Universal 523/524-126
245 00 - MENCIÓN DEL TÍTULO
Título Historia universal de las exploraciones /
Mención de responsabilidad, etc. publicada bajo la dirección de L.-H. Parias ; prefacio de Lucien Febvre ; edición española dirigida y revisada por Francisco Morales Padrón
260 ## - PUBLICACIÓN, DISTRIBUCIÓN, ETC.
Lugar de publicación, distribución, etc. Madrid :
Nombre del editor, distribuidor, etc. Espasa-Calpe,
Fecha de publicación, distribución, etc. 1967-1979
300 ## - DESCRIPCIÓN FÍSICA
Extensión 6 volúmenes :
Otras características físicas ilustraciones (blanco y negro y color) ;
Dimensiones 24 cm
505 0# - NOTA DE CONTENIDO CON FORMATO
Nota de contenido con formato 1. De la Prehistoria al fin de la Edad Media - 2. El Renacimiento (1415-1600) - 3. El tiempo de los grandes veleros - 4. Época contemporánea - 5. Exploración del espacio - 6. Exploración del sistema solar
594 ## - Nota al título y mención de responsabilidad
a Traducido del francés
650 #4 - PUNTO DE ACCESO ADICIONAL DE MATERIA--TÉRMINO DE MATERIA
Término de materia o nombre geográfico como elemento de entrada Descubrimientos geográficos-
Subdivisión de forma Historia
9 (RLIN) 11830
650 #7 - PUNTO DE ACCESO ADICIONAL DE MATERIA--TÉRMINO DE MATERIA
Término de materia o nombre geográfico como elemento de entrada Exploradores
Fuente del encabezamiento o término embne
9 (RLIN) 174369
650 #7 - PUNTO DE ACCESO ADICIONAL DE MATERIA--TÉRMINO DE MATERIA
Término de materia o nombre geográfico como elemento de entrada Exploración espacial
Fuente del encabezamiento o término embne
9 (RLIN) 12694
700 1# - ENTRADA AGREGADA--NOMBRE PERSONAL
Nombre de persona Parias, Louis-Henri
Término indicativo de función/relación Director de publicación
9 (RLIN) 89119
700 1# - ENTRADA AGREGADA--NOMBRE PERSONAL
Nombre de persona Febvre, Lucien,
Fechas asociadas al nombre 1878-1956
Término indicativo de función/relación Autor de introducción
9 (RLIN) 49047
700 1# - ENTRADA AGREGADA--NOMBRE PERSONAL
Nombre de persona Morales Padrón, Francisco,
Fechas asociadas al nombre 1924-2010
Término indicativo de función/relación Revisor
9 (RLIN) 83066
852 4# - LOCALIZACIÓN
Ubicación ES-MaACL
Sublocalización o colección R.65699
Ubicación en estantería Depósito 2
Número de control de estantería P-1302
942 ## - ELEMENTOS DE ENTRADA SECUNDARIOS (KOHA)
Fuente del sistema de clasificación o colocación Clasificación decimal universal
Tipo de ítem Koha Libro impreso
Suprimir en OPAC No
Holdings
Estatus retirado Estado de pérdida Estado de daño No para préstamo Biblioteca de origen Biblioteca actual Ubicación en estantería Fecha de adquisición Fuente de adquisición Total de préstamos Signatura topográfica completa Código de barras Visto por última vez Precio de reemplazo Tipo de ítem Koha
        Biblioteca del Ateneo de Madrid Biblioteca del Ateneo de Madrid Depósito 2 17/01/2008     P-1302 1102759 23/02/2023 23/02/2023 Libro impreso